000 00674nam a2200205Ii 4500
003 JO-AjNU
008 230605s9999||||xx |||||||||||||| ||und||
017 _a1992/4/213
040 _aJO-AjNU
_bara
_erda
_cJO-AjNU
041 _aara
050 1 4 _aKMM126.I886.1992
100 3 _aالعتوم، منصور ابراهيم,
_eauthor
_946654
245 0 0 _aشرح قانون العمل الاردني(دراسة مقارنة)
264 3 1 _aعمان:(د.ن)،1992
300 _a225ص
336 _atext
_btxt
_2rdacontent
337 _aunmediated
_bn
_2rdamedia
338 _avolume
_bnc
_2rdacarrier
650 4 _aالعمل والعمال-قوانين وتشريعات
_946655
999 _aA20313
_c23881
_d23881